[Event "28. Erfurter Schachfestival 2018 - Meist"]
[Site "Erfurt"]
[Date "2018.12.27"]
[Round "3.1"]
[White "Schulz, Karsten"]
[Black "Nagy, Gabor"]
[Result "0-1"]
[WhiteElo "2240"]
[BlackElo "2472"]
[PlyCount "76"]
[EventDate "2018.12.26"]

1. Nf3 Nf6 2. g3 g6 3. b3 Bg7 4. Bb2 c5 5. c4 Nc6 6. Bg2 d5 7. cxd5 Qxd5 8. Nc3
Qf5 9. Qb1 O-O 10. Qxf5 Bxf5 11. O-O Rac8 12. d3 Rfd8 13. h3 b6 14. Rfd1 Nd4
15. g4 Be6 16. Rac1 Nxf3+ 17. Bxf3 h5 18. gxh5 Nxh5 19. Bg4 Nf4 20. Bxe6 Nxe6
21. e3 Rd7 22. Rd2 Rcd8 23. Rcd1 Nc7 24. Kf1 f5 25. Ke2 Kf7 26. f4 e5 27. fxe5
Bxe5 28. Na4 Bxb2 29. Nxb2 Nd5 30. Kf3 Re7 31. Re1 Rh8 32. Rh2 Rh4 33. a3 g5
34. Nd1 Kf6 35. Ree2 Rd7 36. Nf2 g4+ 37. Kg3 Kg5 38. Rh1 Nxe3 0-1

[Event "28. Erfurter Schachfestival 2018 - Meist"]
[Site "Erfurt"]
[Date "2018.12.27"]
[Round "3.2"]
[White "Abel, Dennes"]
[Black "Sobolevsky, Leonid"]
[Result "1-0"]
[WhiteElo "2465"]
[BlackElo "2214"]
[PlyCount "45"]
[EventDate "2018.12.26"]

1. Nf3 Nf6 2. c4 e6 3. g3 d5 4. d4 Bb4+ 5. Nbd2 O-O 6. Bg2 c5 7. cxd5 exd5 8.
a3 Bxd2+ 9. Bxd2 c4 10. Ne5 Nc6 11. Bc3 Bf5 12. b3 Rc8 13. bxc4 Ne4 14. Nxc6
Rxc6 15. Bb4 Rxc4 16. Bxf8 Qa5+ 17. Bb4 Rxb4 18. axb4 Qxb4+ 19. Kf1 Nd2+ 20.
Kg1 Qxd4 21. h3 h5 22. e3 Qd3 23. Ra2 1-0

[Event "28. Erfurter Schachfestival 2018 - Meist"]
[Site "Erfurt"]
[Date "2018.12.27"]
[Round "3.3"]
[White "Carlstedt, Jonathan"]
[Black "Kaunzinger, Albert"]
[Result "1-0"]
[WhiteElo "2412"]
[BlackElo "2206"]
[PlyCount "51"]
[EventDate "2018.12.26"]

1. c4 Nc6 2. g3 g5 3. Nc3 Bg7 4. d4 Nxd4 5. Bxg5 c6 6. Bg2 d6 7. Nh3 h5 8. O-O
h4 9. Bxh4 Qa5 10. e3 Ne6 11. f4 Nh6 12. g4 Bxc3 13. bxc3 Qxc3 14. Qe2 Nc5 15.
Rac1 Bxg4 16. Rxc3 Bxe2 17. Re1 Bh5 18. e4 Ng4 19. Rg3 Kd7 20. Ng5 f6 21. Bh3
fxg5 22. Bxg5 a5 23. e5 dxe5 24. Rxe5 Ne6 25. Rd3+ Kc7 26. Rxe6 1-0

[Event "28. Erfurter Schachfestival 2018 - Meist"]
[Site "Erfurt"]
[Date "2018.12.27"]
[Round "3.4"]
[White "Schulze, Lara"]
[Black "Muckle, Julius"]
[Result "1/2-1/2"]
[WhiteElo "2175"]
[BlackElo "2349"]
[PlyCount "60"]
[EventDate "2018.12.26"]

1. e4 e6 2. d4 d5 3. Nd2 Nf6 4. e5 Nfd7 5. Bd3 c5 6. c3 Nc6 7. Ne2 cxd4 8. cxd4
f6 9. exf6 Nxf6 10. Nf3 Bd6 11. O-O Qc7 12. h3 O-O 13. Be3 Bd7 14. Re1 Be8 15.
Ng5 Bf7 16. Rc1 Rae8 17. Nxf7 Qxf7 18. a3 Ne7 19. Qc2 Ng6 20. Bxg6 hxg6 21. Nf4
Bxf4 22. Bxf4 Ne4 23. Be5 Rc8 24. Qxc8 Qxf2+ 25. Kh2 Rxc8 26. Rxc8+ Kh7 27.
Rec1 Nd2 28. R8c2 Nf1+ 29. Kh1 Ng3+ 30. Kh2 Nf1+ 1/2-1/2

[Event "28. Erfurter Schachfestival 2018 - Meist"]
[Site "Erfurt"]
[Date "2018.12.27"]
[Round "3.5"]
[White "Scheckenbach, Franz"]
[Black "Osmanodja, Filiz"]
[Result "0-1"]
[WhiteElo "2132"]
[BlackElo "2318"]
[PlyCount "76"]
[EventDate "2018.12.26"]

1. d4 Nf6 2. Bg5 e6 3. e4 c5 4. c3 cxd4 5. Bxf6 Qxf6 6. cxd4 Bb4+ 7. Nc3 Qg6 8.
Qf3 Nc6 9. Nge2 O-O 10. g3 e5 11. d5 Nd4 12. Qd3 f5 13. Bg2 d6 14. Nxd4 exd4
15. Qxd4 Bc5 16. Qd2 f4 17. O-O-O Bd7 18. Rde1 fxg3 19. f4 gxh2 20. Rxh2 Rac8
21. Bh3 Bxh3 22. Rxh3 Qg4 23. Reh1 h6 24. f5 Bb4 25. Qd4 Bc5 26. Qd3 b5 27. Kb1
b4 28. Ne2 Rce8 29. Rh4 Qg2 30. Ng3 Bf2 31. R1h3 Qg1+ 32. Kc2 b3+ 33. Kxb3 Rb8+
34. Ka4 Rxb2 35. a3 Qe1 36. Rg4 Rfb8 37. Rh1 R2b4+ 38. Ka5 R4b5+ 0-1

[Event "28. Erfurter Schachfestival 2018 - Meist"]
[Site "Erfurt"]
[Date "2018.12.27"]
[Round "3.6"]
[White "Engers, Felix"]
[Black "Pallas, Sebastian"]
[Result "1-0"]
[WhiteElo "2117"]
[BlackElo "2292"]
[PlyCount "51"]
[EventDate "2018.12.26"]

1. c4 Nf6 2. g3 g6 3. Bg2 d5 4. cxd5 Nxd5 5. Nc3 Nb6 6. d3 Bg7 7. Be3 Nc6 8.
Nf3 O-O 9. h4 e5 10. h5 Nd4 11. Qd2 Nf5 12. hxg6 hxg6 13. Bg5 f6 14. g4 Nd6 15.
Bh6 g5 16. O-O-O Nf7 17. Bxg7 Kxg7 18. Qe3 Nd6 19. d4 exd4 20. Qxd4 Qd7 21. Qd3
Kg8 22. Rh6 Qg7 23. Rg6 Bxg4 24. Nd4 Kf7 25. Rxg7+ Kxg7 26. Qg3 1-0

[Event "28. Erfurter Schachfestival 2018 - Meist"]
[Site "Erfurt"]
[Date "2018.12.27"]
[Round "3.7"]
[White "Schupp, Uwe"]
[Black "Steinacker, Alex"]
[Result "0-1"]
[WhiteElo "2103"]
[BlackElo "2278"]
[PlyCount "72"]
[EventDate "2018.12.26"]

1. Nf3 g6 2. g3 Bg7 3. Bg2 Nf6 4. c4 O-O 5. O-O d6 6. Nc3 Nc6 7. d3 h6 8. Rb1
a5 9. a3 e5 10. b4 axb4 11. axb4 Be6 12. b5 Ne7 13. Bb2 Qd7 14. Re1 Rfe8 15.
Nd2 c6 16. Ra1 Qc7 17. Ra4 d5 18. Qa1 Rxa4 19. Qxa4 Nd7 20. Qb4 Bf8 21. Qa4 Nb6
22. Qb3 dxc4 23. dxc4 Rd8 24. Nce4 f5 25. Qf3 Bg7 26. c5 Na4 27. b6 Qb8 28. Bc1
fxe4 29. Qa3 Qa8 30. Nxe4 Nf5 31. Bh3 Rd4 32. Nd6 Qa5 33. Rf1 Qxc5 34. Nxf5
Qxa3 35. Nxh6+ Kh7 36. Bxa3 Bxh3 0-1

[Event "28. Erfurter Schachfestival 2018 - Meist"]
[Site "Erfurt"]
[Date "2018.12.27"]
[Round "3.8"]
[White "Zeier, Klaus"]
[Black "Garzinsky, Dominik"]
[Result "0-1"]
[WhiteElo "2247"]
[BlackElo "2085"]
[PlyCount "80"]
[EventDate "2018.12.26"]

1. e4 g6 2. d4 Bg7 3. Nc3 c5 4. dxc5 Qa5 5. Nge2 Qxc5 6. Be3 Qb4 7. Rb1 Nf6 8.
a3 Qa5 9. b4 Qd8 10. Nd4 O-O 11. Be2 Nc6 12. O-O Nxd4 13. Bxd4 d6 14. Bf3 Bd7
15. e5 dxe5 16. Bxe5 Bc6 17. Bxc6 bxc6 18. Qe2 a5 19. Rfd1 Qc8 20. Ne4 Qf5 21.
Bxf6 Bxf6 22. Nxf6+ Qxf6 23. c4 Qc3 24. Qd3 axb4 25. axb4 Ra3 26. Qe4 Rb8 27.
g3 Qf6 28. Rd7 Ra2 29. Qe3 Rc2 30. c5 e5 31. Ra1 Rxb4 32. Ra8+ Kg7 33. Rdd8 Qf5
34. Rg8+ Kf6 35. Rac8 Rb1+ 36. Kg2 Rbb2 37. Rxc6+ Ke7 38. Rc7+ Ke6 39. Rc6+ Kd7
40. Rd6+ Ke7 0-1

[Event "28. Erfurter Schachfestival 2018 - Meist"]
[Site "Erfurt"]
[Date "2018.12.27"]
[Round "3.9"]
[White "Schmid, Franz"]
[Black "Lubbe, Nikolas"]
[Result "1/2-1/2"]
[WhiteElo "2176"]
[BlackElo "2449"]
[PlyCount "29"]
[EventDate "2018.12.26"]

1. d4 Nf6 2. g3 e6 3. Bg2 d5 4. Nf3 b5 5. O-O Be7 6. b3 O-O 7. c4 c6 8. Nbd2
Nbd7 9. Qc2 Ba6 10. Rd1 Rc8 11. c5 b4 12. Re1 e5 13. Nxe5 Nxe5 14. dxe5 Nd7 15.
a3 1/2-1/2

[Event "28. Erfurter Schachfestival 2018 - Meist"]
[Site "Erfurt"]
[Date "2018.12.27"]
[Round "3.10"]
[White "Wecker, Martin"]
[Black "Lagunow, Raphael"]
[Result "0-1"]
[WhiteElo "2135"]
[BlackElo "2409"]
[PlyCount "32"]
[EventDate "2018.12.26"]

1. Nf3 Nf6 2. c4 e6 3. g3 d5 4. d4 dxc4 5. Bg2 Bb4+ 6. Bd2 a5 7. Qc2 Bxd2+ 8.
Qxd2 Ne4 9. Qc2 Nd6 10. Ne5 Bd7 11. Na3 Na6 12. Naxc4 Nb4 13. Qd2 Nxc4 14. Nxc4
Bc6 15. Bxc6+ Nxc6 16. e3 Qd5 0-1

[Event "28. Erfurter Schachfestival 2018 - Meist"]
[Site "Erfurt"]
[Date "2018.12.27"]
[Round "3.11"]
[White "Möhn, Hans"]
[Black "Gramb, Marius"]
[Result "1-0"]
[WhiteElo "2364"]
[BlackElo "2188"]
[PlyCount "79"]
[EventDate "2018.12.26"]

1. Nf3 c5 2. b3 Nc6 3. Bb2 d6 4. d4 cxd4 5. Nxd4 Bd7 6. Nc3 Nf6 7. e4 g6 8.
Nxc6 Bxc6 9. f3 Bg7 10. Qd2 O-O 11. O-O-O Qa5 12. Kb1 Rfc8 13. g4 Rab8 14. g5
Nh5 15. Bh3 Bd7 16. Nd5 Qxd2 17. Rxd2 Bxh3 18. Nxe7+ Kf8 19. Nxc8 Rxc8 20. Rhd1
Bxb2 21. Kxb2 Ke7 22. Rxd6 Nf4 23. R6d2 Rc5 24. Rg1 a5 25. Rg3 b5 26. a3 b4 27.
axb4 axb4 28. Rd1 Bd7 29. h4 Ne2 30. Rg2 Nc3 31. Ra1 Bb5 32. Rd2 Be2 33. Rd4
Bxf3 34. Rxb4 Nd1+ 35. Kc1 Nf2 36. Ra7+ Kd6 37. Rb6+ Ke5 38. Rd7 Rc3 39. Rf6
Nd3+ 40. Kd2 1-0

[Event "28. Erfurter Schachfestival 2018 - Meist"]
[Site "Erfurt"]
[Date "2018.12.27"]
[Round "3.12"]
[White "Stein, Robert"]
[Black "Nguyen, Huy Dat"]
[Result "1/2-1/2"]
[WhiteElo "2306"]
[BlackElo "2178"]
[PlyCount "59"]
[EventDate "2018.12.26"]

1. d4 g6 2. Nf3 Bg7 3. g3 b6 4. Bg2 Bb7 5. O-O e6 6. c4 Ne7 7. Nc3 d6 8. e4 O-O
9. Be3 Nd7 10. Qd2 Re8 11. d5 Nc5 12. Nd4 e5 13. Nc2 a5 14. b3 f5 15. f3 Rf8
16. Rab1 Kh8 17. a3 Ng8 18. b4 axb4 19. axb4 Na4 20. Nb5 Rf7 21. Ra1 c5 22.
dxc6 Bxc6 23. Nca3 Bf8 24. Ra2 Nf6 25. Bg5 h6 26. Bxf6+ Qxf6 27. Rfa1 Qe6 28.
Qc2 fxe4 29. fxe4 h5 30. Nb1 1/2-1/2

[Event "28. Erfurter Schachfestival 2018 - Meist"]
[Site "Erfurt"]
[Date "2018.12.27"]
[Round "3.13"]
[White "Wichmann, Cliff"]
[Black "Rößler, Ulrike"]
[Result "1-0"]
[WhiteElo "2266"]
[BlackElo "2150"]
[PlyCount "83"]
[EventDate "2018.12.26"]

1. d4 d6 2. Nf3 g6 3. c4 Bg7 4. e4 Nc6 5. d5 Nb8 6. Be2 Nf6 7. Nc3 O-O 8. O-O
c6 9. Be3 a6 10. Rc1 Bg4 11. b4 b5 12. dxc6 Nxc6 13. cxb5 axb5 14. Bxb5 Nxb4
15. a4 Nd7 16. h3 Bxf3 17. Qxf3 Nc5 18. e5 Ncd3 19. Rcd1 Nxe5 20. Qe4 Rc8 21.
Bd2 Nec6 22. Ne2 d5 23. Qb1 Qd6 24. Qb3 d4 25. Ng3 Nd5 26. Ne4 Qe5 27. Nc5 Rfd8
28. Rfe1 Qb8 29. Rb1 e6 30. Nxe6 fxe6 31. Rxe6 Rd6 32. Bf4 Rxe6 33. Bxb8 Nce7
34. Bd7 Rb6 35. Bxc8 Rxb3 36. Be6+ Kh8 37. Rxb3 Bf6 38. a5 Nc3 39. a6 d3 40.
Rxc3 Bxc3 41. a7 d2 42. Bb3 1-0

[Event "28. Erfurter Schachfestival 2018 - Meist"]
[Site "Erfurt"]
[Date "2018.12.27"]
[Round "3.14"]
[White "Wolf, Pablo"]
[Black "Schiffer, Stefan"]
[Result "1/2-1/2"]
[WhiteElo "2105"]
[BlackElo "2264"]
[PlyCount "51"]
[EventDate "2018.12.26"]

1. e4 e6 2. Qe2 c5 3. d3 Nc6 4. Nf3 g6 5. g3 Bg7 6. c3 Nf6 7. Bg2 O-O 8. O-O d5
9. Qc2 Qc7 10. Bf4 e5 11. Bg5 dxe4 12. dxe4 b6 13. Nbd2 h6 14. Bxf6 Bxf6 15.
Nc4 Ba6 16. Nfd2 Na5 17. b3 Bg5 18. Rfd1 Nxc4 19. Nxc4 b5 20. Nd2 Rad8 21. h4
Bxd2 22. Rxd2 Bc8 23. Rad1 Bg4 24. f3 Be6 25. Kh2 Kg7 26. Bh3 1/2-1/2

[Event "28. Erfurter Schachfestival 2018 - Meist"]
[Site "Erfurt"]
[Date "2018.12.27"]
[Round "3.15"]
[White "Kurze, Christoph"]
[Black "Mooser, Stefan"]
[Result "0-1"]
[WhiteElo "2028"]
[BlackElo "2255"]
[PlyCount "54"]
[EventDate "2018.12.26"]

1. c4 e6 2. g3 d5 3. Bg2 Nf6 4. Nf3 Be7 5. O-O O-O 6. b3 b6 7. Bb2 Bb7 8. d3 c5
9. e3 Nc6 10. Qe2 Qc7 11. Nc3 Rad8 12. Nb5 Qb8 13. Rad1 a6 14. Nc3 Qc7 15. a3
Rd7 16. Rfe1 Rb8 17. Qc2 Ba8 18. Ne2 h6 19. Nc3 b5 20. Ne2 Qb6 21. Ne5 Nxe5 22.
Bxe5 Rc8 23. h3 Bc6 24. f4 Rcd8 25. Kh2 dxc4 26. Bxc6 cxd3 27. Qb1 Qxc6 0-1

[Event "28. Erfurter Schachfestival 2018 - Meist"]
[Site "Erfurt"]
[Date "2018.12.27"]
[Round "3.16"]
[White "Rewitz, Poul"]
[Black "Rensch, Toralf"]
[Result "1/2-1/2"]
[WhiteElo "2240"]
[BlackElo "2101"]
[PlyCount "94"]
[EventDate "2018.12.26"]

1. e4 Nc6 2. d4 e5 3. Nf3 exd4 4. Bc4 d6 5. O-O Bg4 6. c3 Bxf3 7. gxf3 Ne5 8.
cxd4 Nxc4 9. Qa4+ c6 10. Qxc4 Be7 11. Nc3 Nf6 12. Kh1 O-O 13. Rg1 Kh8 14. Qf1
Qd7 15. Qg2 Rg8 16. Be3 d5 17. Ne2 g6 18. Nf4 Bf8 19. Nd3 Bg7 20. Ne5 Qe6 21.
Qg3 Raf8 22. Qh4 Nh5 23. Rg2 Bf6 24. Qg4 Bxe5 25. dxe5 Qxe5 26. exd5 Qxd5 27.
Qd4+ Qxd4 28. Bxd4+ f6 29. Bxa7 Rd8 30. Be3 Rd5 31. Rg4 Rgd8 32. Rb4 Rd1+ 33.
Rxd1 Rxd1+ 34. Kg2 Rd7 35. a4 Kg8 36. a5 Kf7 37. Rb6 Rc7 38. Kf1 Ke6 39. Rb4 f5
40. Ke2 Nf6 41. Ra4 Nd5 42. h4 Rf7 43. f4 Rd7 44. Rc4 Nc7 45. Bd4 Rd5 46. Bb6
Rd7 47. Bxc7 Rxc7 1/2-1/2

[Event "28. Erfurter Schachfestival 2018 - Meist"]
[Site "Erfurt"]
[Date "2018.12.27"]
[Round "3.17"]
[White "Wiebe, Patrick"]
[Black "Schmidt, Markus"]
[Result "1/2-1/2"]
[WhiteElo "2236"]
[BlackElo "2089"]
[PlyCount "88"]
[EventDate "2018.12.26"]

1. c4 Nf6 2. g3 g6 3. Bg2 Bg7 4. Nc3 O-O 5. e4 d6 6. Nge2 c5 7. d3 Nc6 8. O-O
Ne8 9. a3 Nc7 10. Rb1 Ne6 11. b4 Ned4 12. h3 Rb8 13. Kh2 e5 14. Be3 h6 15. f4
exf4 16. Bxf4 Nxe2 17. Nxe2 Ne5 18. g4 Be6 19. Qd2 g5 20. Bg3 a6 21. Nc3 b5 22.
cxb5 axb5 23. Nd5 c4 24. dxc4 Nxc4 25. Qd3 Ra8 26. Rb3 Re8 27. Rf2 Ra7 28. Qf3
Bxd5 29. exd5 Rae7 30. Bf1 Qd7 31. Qf5 Qxf5 32. gxf5 Bd4 33. Ra2 Be5 34. Bxc4
bxc4 35. Rf3 Rc8 36. Rc2 Bxg3+ 37. Kxg3 Re5 38. a4 Rxd5 39. Rfc3 Rd4 40. b5 d5
41. b6 Rb8 42. a5 Rd1 43. Ra2 Rb1 44. Kf3 Kf8 1/2-1/2

[Event "28. Erfurter Schachfestival 2018 - Meist"]
[Site "Erfurt"]
[Date "2018.12.27"]
[Round "3.18"]
[White "Schlick, Stefan"]
[Black "Stotyn, Fabian"]
[Result "0-1"]
[WhiteElo "1945"]
[BlackElo "2227"]
[PlyCount "92"]
[EventDate "2018.12.26"]

1. d4 Nf6 2. c4 c5 3. d5 b5 4. cxb5 a6 5. f3 d6 6. e4 g6 7. Na3 Bg7 8. Ne2 O-O
9. Nc3 Nbd7 10. Be2 Ne8 11. O-O Nc7 12. Be3 axb5 13. Naxb5 Nxb5 14. Bxb5 Ba6
15. Bxa6 Rxa6 16. a4 Qa5 17. Qe2 Rb8 18. Ra2 Rab6 19. Rfa1 Rb3 20. Nb5 Qd8 21.
Bg5 h6 22. Bh4 Ne5 23. Qc2 Rxf3 24. Bg3 Rxg3 25. hxg3 Ng4 26. Qe2 Qd7 27. Rf1
Be5 28. Rf3 h5 29. Rb3 e6 30. Qf1 exd5 31. exd5 f5 32. a5 Nf6 33. a6 Ne4 34. a7
Ra8 35. Qe1 Qb7 36. Kh1 c4 37. Rb4 Bxg3 38. Qe3 Qe7 39. Kg1 Qh4 40. Nd4 Qh2+
41. Kf1 Re8 42. Nf3 Qh1+ 43. Ng1 Bh2 44. Rb8 Ng3+ 45. Ke1 Qxg1+ 46. Kd2 Qxe3+
0-1

[Event "28. Erfurter Schachfestival 2018 - Meist"]
[Site "Erfurt"]
[Date "2018.12.27"]
[Round "3.19"]
[White "Feldmann, Johannes"]
[Black "Pedersen, Lars Wilton"]
[Result "1/2-1/2"]
[WhiteElo "2212"]
[BlackElo "2024"]
[PlyCount "30"]
[EventDate "2018.12.26"]

1. d4 d5 2. c4 e6 3. Nc3 Nf6 4. cxd5 exd5 5. Bg5 Nbd7 6. e3 c6 7. Qc2 Be7 8.
Bd3 O-O 9. Nf3 Re8 10. O-O Nf8 11. h3 g6 12. Bh6 Nh5 13. Rab1 a5 14. a3 Ng7 15.
b4 Bf5 1/2-1/2

[Event "28. Erfurter Schachfestival 2018 - Meist"]
[Site "Erfurt"]
[Date "2018.12.27"]
[Round "3.20"]
[White "Hartge, Gedeon"]
[Black "Kemper, Yannick"]
[Result "1/2-1/2"]
[WhiteElo "2198"]
[BlackElo "1877"]
[PlyCount "71"]
[EventDate "2018.12.26"]

1. d4 Nf6 2. c4 g6 3. f3 Bg7 4. e4 d6 5. Nc3 O-O 6. Nge2 c5 7. d5 e6 8. Ng3
exd5 9. cxd5 a6 10. a4 Ne8 11. Be2 h5 12. Be3 Nd7 13. O-O h4 14. Nh1 Nc7 15.
Nf2 Rb8 16. Qd2 b5 17. Bg5 Bf6 18. Bxf6 Qxf6 19. axb5 axb5 20. Ra7 Qd8 21. f4
b4 22. Ncd1 Nb5 23. Bxb5 Rxb5 24. Ne3 Ra5 25. Rxa5 Qxa5 26. Nc4 Qc7 27. Ra1 f6
28. Ng4 Nb6 29. Nge3 Nxc4 30. Nxc4 Re8 31. Qc2 Qe7 32. b3 h3 33. Ra8 hxg2 34.
Qxg2 Kg7 35. Kf2 Rh8 36. f5 1/2-1/2

[Event "28. Erfurter Schachfestival 2018 - Senio"]
[Site "Erfurt"]
[Date "2018.12.28"]
[Round "3.1"]
[White "Stahr, Ralf-Peter"]
[Black "Beutelhoff, Josef"]
[Result "1-0"]
[WhiteElo "2131"]
[BlackElo "2062"]
[PlyCount "67"]
[EventDate "2018.12.26"]

1. c4 Nf6 2. Nc3 d6 3. d4 g6 4. e4 Bg7 5. Be2 O-O 6. Nf3 Nbd7 7. e5 dxe5 8.
dxe5 Ng4 9. e6 Nde5 10. exf7+ Nxf7 11. Bf4 c6 12. O-O Qe8 13. h3 Nge5 14. Nd2
Be6 15. a3 Rd8 16. b4 Qd7 17. Qc1 Qc8 18. Qc2 Nd6 19. Bg5 Rf7 20. Nce4 Nf5 21.
Nb3 h6 22. Bd2 Nh4 23. f4 Nd7 24. Rad1 Nf6 25. Be1 Rxd1 26. Bxd1 Nf5 27. Bf2
Nxe4 28. Qxe4 Nd6 29. Qxg6 Bxc4 30. Re1 b6 31. Nd4 Rf6 32. Qg3 e6 33. Nf3 Nf5
34. Qg4 1-0

[Event "28. Erfurter Schachfestival 2018 - Senio"]
[Site "Erfurt"]
[Date "2018.12.28"]
[Round "3.2"]
[White "Muuss, Klaus"]
[Black "Villing, Dieter"]
[Result "1/2-1/2"]
[WhiteElo "2061"]
[BlackElo "2123"]
[PlyCount "23"]
[EventDate "2018.12.26"]

1. e4 d6 2. d4 Nf6 3. Nc3 c6 4. f4 Qa5 5. Bd3 e5 6. Nf3 Bg4 7. Be3 Nbd7 8. O-O
Be7 9. Qd2 Bxf3 10. Rxf3 b5 11. Raf1 a6 12. a3 1/2-1/2

[Event "28. Erfurter Schachfestival 2018 - Senio"]
[Site "Erfurt"]
[Date "2018.12.28"]
[Round "3.4"]
[White "Hölting, Siegfried"]
[Black "Szenetra, Werner"]
[Result "0-1"]
[WhiteElo "1872"]
[BlackElo "2168"]
[PlyCount "84"]
[EventDate "2018.12.26"]

1. e4 g6 2. d4 Bg7 3. Nf3 d6 4. Be2 Nf6 5. Nc3 a6 6. O-O b5 7. a3 O-O 8. Bg5 h6
9. Bxf6 Bxf6 10. e5 Bg7 11. exd6 cxd6 12. Nd5 Bb7 13. Ne3 Nd7 14. c3 Nb6 15.
Nd2 e6 16. Bf3 Bxf3 17. Nxf3 d5 18. h3 Qc7 19. Qe2 Rae8 20. Ng4 f6 21. Qd3 h5
22. Ngh2 f5 23. Rfe1 Nc4 24. Rab1 Nd6 25. Nh4 g5 26. Ng6 Rf6 27. Ne5 Rh6 28. f3
Nc4 29. Nxc4 dxc4 30. Qd2 Rg6 31. Re2 e5 32. dxe5 Bxe5 33. Nf1 Rd8 34. Qc2 Rd3
35. Rbe1 Re6 36. Kh1 h4 37. Re3 Qd6 38. R3e2 Kf7 39. Re3 Kf6 40. Qe2 Rxe3 41.
Nxe3 Bg3 42. Rd1 Qe5 0-1

[Event "28. Erfurter Schachfestival 2018 - Senio"]
[Site "Erfurt"]
[Date "2018.12.28"]
[Round "3.5"]
[White "Wünsch, Ulrich"]
[Black "Jacob, Helmut"]
[Result "1/2-1/2"]
[WhiteElo "2057"]
[BlackElo "2110"]
[PlyCount "73"]
[EventDate "2018.12.26"]

1. d4 Nf6 2. Nf3 e6 3. e3 b6 4. Bd3 Bb7 5. Nbd2 d5 6. O-O Be7 7. b3 O-O 8. Bb2
Nbd7 9. Ne5 c5 10. Ndf3 Rc8 11. Qe2 Rc7 12. Nxd7 Nxd7 13. Ne5 f5 14. Nxd7 Qxd7
15. dxc5 Bxc5 16. Rad1 Qe8 17. Be5 Rcf7 18. c4 Qc6 19. Qf3 Qc8 20. Qg3 Be7 21.
cxd5 exd5 22. Rc1 Qe6 23. Rc7 Bf6 24. Rxf7 Qxf7 25. Rc1 Re8 26. Bb8 Rc8 27. Rd1
Bh4 28. Qf4 Qh5 29. f3 Bg5 30. Qg3 Re8 31. Qc7 Bxe3+ 32. Kh1 Qf7 33. Qg3 f4 34.
Qh3 Rxb8 35. Qxh7+ Kf8 36. Bg6 Qg8 37. Qh5 1/2-1/2

[Event "28. Erfurter Schachfestival 2018 - Haupt"]
[Site "Erfurt"]
[Date "2018.12.28"]
[Round "4.2"]
[White "Schindele, Andreas"]
[Black "Reuter, Hans-Otto"]
[Result "1/2-1/2"]
[WhiteElo "1940"]
[BlackElo "1893"]
[PlyCount "47"]
[EventDate "2018.12.26"]

1. d4 g6 2. Nf3 Bg7 3. e4 d6 4. c3 c6 5. Bd3 Bg4 6. h3 Bxf3 7. Qxf3 Nd7 8. Bc4
Ngf6 9. O-O O-O 10. Re1 Qc7 11. Bg5 e5 12. Bxf6 Nxf6 13. dxe5 dxe5 14. Na3 Rad8
15. Qe3 b5 16. Bb3 Qb6 17. Qxb6 axb6 18. f3 Nh5 19. Nc2 Bh6 20. Kf2 Nf4 21. Nb4
c5 22. Nd5 c4 23. Nxf4 Bxf4 24. Bc2 1/2-1/2

[Event "28. Erfurter Schachfestival 2018 - Haupt"]
[Site "Erfurt"]
[Date "2018.12.28"]
[Round "4.3"]
[White "Alvermann, Christian"]
[Black "Minor, Viatcheslav"]
[Result "1/2-1/2"]
[WhiteElo "1836"]
[BlackElo "2022"]
[PlyCount "70"]
[EventDate "2018.12.26"]

1. e4 b6 2. Nc3 Bb7 3. Nf3 e6 4. d3 h6 5. Be2 d6 6. Be3 Nd7 7. Qd2 e5 8. O-O
Ngf6 9. h3 g5 10. Nh2 Bg7 11. Rae1 Qe7 12. Bf3 c5 13. Ng4 Nf8 14. Nxf6+ Bxf6
15. Nd5 Bxd5 16. exd5 Ng6 17. b4 O-O 18. g3 Bg7 19. Bg2 cxb4 20. Qxb4 Qc7 21.
c4 f5 22. f4 exf4 23. gxf4 gxf4 24. Bxf4 Nxf4 25. Rxf4 Be5 26. Rf3 Qg7 27. Ref1
f4 28. Kh1 Rf6 29. Qd2 Rg6 30. d4 Bxd4 31. Rxf4 Bc5 32. Qe2 Kh8 33. Rf7 Qe5 34.
Qf3 Rag8 35. Rf8 Qg7 1/2-1/2

[Event "28. Erfurter Schachfestival 2018 - Haupt"]
[Site "Erfurt"]
[Date "2018.12.28"]
[Round "4.4"]
[White "Goeke, Bernd"]
[Black "Reinke, Martin"]
[Result "1-0"]
[WhiteElo "2021"]
[BlackElo "1836"]
[PlyCount "35"]
[EventDate "2018.12.26"]

1. d4 d5 2. c4 c6 3. Nf3 Nf6 4. Nc3 e6 5. Bg5 Be7 6. e3 Nbd7 7. Rc1 O-O 8. Bd3
Re8 9. O-O dxc4 10. Bxc4 Nd5 11. Bxe7 Nxe7 12. Qe2 Ng6 13. Rfd1 Nf6 14. h4 Qa5
15. e4 Qh5 16. g3 Qg4 17. Qe3 Nh5 18. Nh2 1-0

[Event "28. Erfurter Schachfestival 2018 - Haupt"]
[Site "Erfurt"]
[Date "2018.12.28"]
[Round "4.6"]
[White "Link, Robert"]
[Black "Bauer, Timon"]
[Result "1/2-1/2"]
[WhiteElo "1979"]
[BlackElo "1829"]
[PlyCount "87"]
[EventDate "2018.12.26"]

1. d4 Nf6 2. c4 e6 3. Nf3 b6 4. g3 Ba6 5. b3 Bb4+ 6. Bd2 Bxd2+ 7. Nbxd2 Bb7 8.
Bg2 O-O 9. O-O c5 10. Qc2 cxd4 11. Nxd4 Bxg2 12. Kxg2 Nc6 13. N2f3 Nxd4 14.
Nxd4 Qc7 15. Qd3 Rfd8 16. Rac1 Qb7+ 17. Kg1 d5 18. Rfd1 dxc4 19. Qxc4 Rac8 20.
Nb5 Rxd1+ 21. Rxd1 h5 22. Qd3 Rc5 23. Qd8+ Kh7 24. Nd6 Qc7 25. Qxc7 Rxc7 26.
Rd2 Rd7 27. e4 e5 28. f3 Kg6 29. Kf2 Ne8 30. Nc4 Rxd2+ 31. Nxd2 Nd6 32. Ke3 Kf6
33. Kd3 Ke6 34. Nc4 Nb5 35. b4 g5 36. a4 Nd4 37. Nxe5 Kxe5 38. f4+ gxf4 39.
gxf4+ Kxf4 40. Kxd4 f6 41. Kd5 h4 42. a5 bxa5 43. bxa5 h3 44. a6 1/2-1/2

[Event "28. Erfurter Schachfestival 2018 - Haupt"]
[Site "Erfurt"]
[Date "2018.12.28"]
[Round "4.7"]
[White "Schulz, Stefan"]
[Black "Limbrunner, Steven"]
[Result "1/2-1/2"]
[WhiteElo "1913"]
[BlackElo "1814"]
[PlyCount "55"]
[EventDate "2018.12.26"]

1. e4 c5 2. Nf3 Nc6 3. d4 cxd4 4. Nxd4 Nf6 5. Nc3 e5 6. Ndb5 d6 7. Bg5 a6 8.
Na3 b5 9. Nd5 Be6 10. Bxf6 gxf6 11. c3 Be7 12. Nc2 f5 13. exf5 Bxf5 14. Nce3
Bg6 15. Be2 O-O 16. Bh5 Bg5 17. Bxg6 hxg6 18. O-O Kg7 19. a4 bxa4 20. Qxa4 Ne7
21. Nxe7 Qxe7 22. Nd5 Qb7 23. Qa2 Rh8 24. b4 f5 25. Rfd1 f4 26. Qe2 Rae8 27.
Qg4 Bd8 28. Ra2 1/2-1/2

[Event "28. Erfurter Schachfestival 2018 - Haupt"]
[Site "Erfurt"]
[Date "2018.12.28"]
[Round "4.8"]
[White "Schwarz, Hilmar"]
[Black "Wähner, Manuel"]
[Result "1/2-1/2"]
[WhiteElo "1901"]
[BlackElo "1810"]
[PlyCount "30"]
[EventDate "2018.12.26"]

1. e4 e6 2. Qe2 c5 3. f4 Nc6 4. c3 Nf6 5. d3 Be7 6. Nf3 d5 7. g3 O-O 8. Bg2 b5
9. e5 Nd7 10. d4 Qb6 11. Be3 a5 12. O-O Ba6 13. Rc1 Rfc8 14. Qd1 b4 15. Ne1
Rab8 1/2-1/2

[Event "28. Erfurter Schachfestival 2018 - Haupt"]
[Site "Erfurt"]
[Date "2018.12.28"]
[Round "4.9"]
[White "Aniol, Adrian"]
[Black "Weiland, Thomas"]
[Result "1/2-1/2"]
[WhiteElo "1885"]
[BlackElo "1795"]
[PlyCount "38"]
[EventDate "2018.12.26"]

1. e4 e6 2. d4 d5 3. Nd2 dxe4 4. Nxe4 Nc6 5. Nf3 Be7 6. Bb5 Bd7 7. O-O Nf6 8.
Nc3 O-O 9. Re1 Re8 10. Bf4 Bb4 11. Bg5 Be7 12. Ne5 Nxe5 13. dxe5 Nd5 14. Bxe7
Qxe7 15. Nxd5 exd5 16. Bxd7 Qxd7 17. Qd4 b6 18. Rad1 Rad8 19. c4 c6 1/2-1/2